[Event "Titled Tuesday intern op 09th Jul Early"]
[Site "Chess.com INT"]
[Date "2024.07.09"]
[Round "6"]
[White "Ponomarev, Dmitry"]
[Black "Bashirli, Saadat"]
[Result "1/2-1/2"]
[WhiteElo "2417"]
[BlackElo "1950"]
[PlyCount "92"]
[EventDate "2024.07.09"]
[EventType "swiss (blitz)"]
[EventRounds "11"]
[EventCountry "USA"]
[SourceTitle "EXT 2025"]
[Source "ChessBase"]
[SourceDate "2024.10.14"]
[SourceVersion "1"]
[SourceVersionDate "2024.10.14"]
[SourceQuality "1"]

1. e4 c5 2. Nf3 g6 3. c4 Nc6 4. d4 cxd4 5. Nxd4 Nf6 6. Nc3 Nxd4 7. Qxd4 d6 8. Be3 Bg7 9. f3 0-0 10. Qd2 Be6 11. Be2 Qa5 12. Nd5 Qxd2+ 13. Bxd2 Nxd5 14. cxd5 Bd7 15. Bc3 Bxc3+ 16. bxc3 b5 17. Kd2 Rfc8 18. Rhb1 a6 19. Rb2 Rc7 20. Rc1 Rac8 21. Rb4 a5 22. Rbb1 Rc5 23. Bd3 e6 24. dxe6 fxe6 25. Rc2 Kf7 26. Rbc1 d5 27. exd5 exd5 28. Ke3 Ke6 29. Kd4 Kd6 30. a3 Rb8 31. Rd1 b4 32. axb4 axb4 33. cxb4 Rxb4+ 34. Ke3 Rxc2 35. Bxc2 Ke5 36. f4+ Rxf4 37. Rxd5+ Kxd5 38. Kxf4 Ke6 39. g4 Kf6 40. g5+ Kg7 41. h4 h6 42. Be4 hxg5+ 43. Kxg5 Bf5 44. Bxf5 gxf5 45. Kxf5 Kh6 46. h5 Kxh5 1/2-1/2

[Event "Titled Tuesday intern op 02nd Jul Early"]
[Site "Chess.com INT"]
[Date "2024.07.02"]
[Round "9"]
[White "Pinheiro, Iung Alicio"]
[Black "Ponomarev, Dmitry"]
[Result "1-0"]
[WhiteElo "2270"]
[BlackElo "2417"]
[PlyCount "61"]
[EventDate "2024.07.02"]
[EventType "swiss (blitz)"]
[EventRounds "11"]
[EventCountry "USA"]
[SourceTitle "EXT 2025"]
[Source "ChessBase"]
[SourceDate "2024.10.14"]
[SourceVersion "1"]
[SourceVersionDate "2024.10.14"]
[SourceQuality "1"]

1. Nf3 d5 2. g3 Nf6 3. Bg2 g6 4. b3 Bg7 5. Bb2 0-0 6. c4 c6 7. 0-0 Nbd7 8. cxd5 cxd5 9. d3 Nb6 10. Nbd2 e6 11. a4 Bd7 12. Rc1 Rc8 13. a5 Na8 14. Ba3 Re8 15. Bb4 Nc7 16. e4 dxe4 17. dxe4 Bb5 18. Re1 Na6 19. Rxc8 Qxc8 20. Bd6 Rd8 21. e5 Nd5 22. Ne4 Qc6 23. Qd2 Rc8 24. Nd4 Qe8 25. h4 h5 26. Bf3 Bd7 27. Kg2 Ne7 28. Nf6+ Bxf6 29. exf6 Nd5 30. Bxd5 e5 31. Qh6 1-0

[Event "Titled Tuesday intern op 02nd Jul Early"]
[Site "Chess.com INT"]
[Date "2024.07.02"]
[Round "6"]
[White "Ponomarev, Dmitry"]
[Black "Fierz, Martin"]
[Result "0-1"]
[WhiteElo "2417"]
[BlackElo "2349"]
[PlyCount "98"]
[EventDate "2024.07.02"]
[EventType "swiss (blitz)"]
[EventRounds "11"]
[EventCountry "USA"]
[SourceTitle "EXT 2025"]
[Source "ChessBase"]
[SourceDate "2024.10.14"]
[SourceVersion "1"]
[SourceVersionDate "2024.10.14"]
[SourceQuality "1"]

1. e4 c5 2. Nf3 e6 3. d4 cxd4 4. Nxd4 Nc6 5. Nc3 Qc7 6. Be2 a6 7. a3 Nf6 8. Be3 Be7 9. 0-0 0-0 10. Qd2 b5 11. f3 Bb7 12. Rac1 Rac8 13. Nd1 d5 14. exd5 Nxd5 15. Bf2 Rfd8 16. Nxc6 Qxc6 17. c4 Nb6 18. Qa5 Nxc4 19. Bxc4 bxc4 20. Bb6 Rd5 21. Qe1 Qxb6+ 22. Kh1 Qd6 23. Ne3 Rh5 24. f4 Bd5 25. Qe2 Rh4 26. Rcd1 Bf6 27. Nxd5 exd5 28. g3 Rh6 29. Qf3 d4 30. g4 Bd8 31. Rfe1 Bc7 32. Re4 Bb6 33. Rde1 Re6 34. Rxe6 fxe6 35. Qb7 Qc6+ 36. Qxc6 Rxc6 37. Re4 c3 38. bxc3 dxc3 39. Re2 c2 40. Rxc2 Rxc2 41. h4 Bd4 42. g5 Kf7 43. f5 exf5 44. g6+ Kxg6 45. a4 Be5 46. a5 Kh5 47. Kg1 Kg4 48. Kh1 Kg3 49. h5 Rc1# 0-1

[Event "Titled Tuesday intern op 02nd Jul Early"]
[Site "Chess.com INT"]
[Date "2024.07.02"]
[Round "11"]
[White "Ponomarev, Dmitry"]
[Black "Vincenti, Leonardo"]
[Result "1-0"]
[WhiteElo "2417"]
[BlackElo "2163"]
[PlyCount "115"]
[EventDate "2024.07.02"]
[EventType "swiss (blitz)"]
[EventRounds "11"]
[EventCountry "USA"]
[SourceTitle "EXT 2025"]
[Source "ChessBase"]
[SourceDate "2024.10.14"]
[SourceVersion "1"]
[SourceVersionDate "2024.10.14"]
[SourceQuality "1"]

1. e4 e5 2. Nf3 Nf6 3. Nxe5 d6 4. Nf3 Nxe4 5. d4 d5 6. Bd3 Bf5 7. 0-0 Bd6 8. c4 c6 9. Nc3 0-0 10. cxd5 Nxc3 11. bxc3 Bxd3 12. Qxd3 cxd5 13. c4 dxc4 14. Qxc4 Nc6 15. Be3 Rc8 16. Qb5 Qd7 17. Rab1 b6 18. h3 Rfd8 19. Rfc1 Nb8 20. Qh5 Rxc1+ 21. Rxc1 Rc8 22. Rxc8+ Qxc8 23. g3 h6 24. Qd5 Qc7 25. Kg2 Qc6 26. Qf5 Nd7 27. d5 Qc7 28. Nd4 Bc5 29. Bf4 Qb7 30. Nc6 Nf8 31. a4 Ng6 32. Bb8 Ne7 33. Qxf7+ Kxf7 34. Nd8+ Kf6 35. Nxb7 Nxd5 36. Nxc5 bxc5 37. Bxa7 c4 38. Bd4+ Ke6 39. Bxg7 h5 40. a5 c3 41. a6 c2 42. Bb2 Nb6 43. a7 Kd5 44. g4 hxg4 45. hxg4 Ke4 46. Bc1 Ke5 47. Kg3 Kf6 48. f4 Ke7 49. g5 Kf7 50. Kg4 Kg8 51. f5 Na8 52. g6 Nb6 53. Kg5 Na8 54. f6 Nb6 55. f7+ Kf8 56. Kh6 Ke7 57. Kg7 Nd7 58. a8Q 1-0

[Event "Titled Tuesday intern op 25th Jun Early"]
[Site "Chess.com INT"]
[Date "2024.06.25"]
[Round "10"]
[White "Ponomarev, Dmitry"]
[Black "Burmakin, Evgeniy"]
[Result "1-0"]
[WhiteElo "2417"]
[BlackElo "2152"]
[PlyCount "83"]
[EventDate "2024.06.25"]
[EventType "swiss (blitz)"]
[EventRounds "11"]
[EventCountry "USA"]
[SourceTitle "EXT 2025"]
[Source "ChessBase"]
[SourceDate "2024.10.14"]
[SourceVersion "1"]
[SourceVersionDate "2024.10.14"]
[SourceQuality "1"]

1. e4 c5 2. Nf3 d6 3. d4 cxd4 4. Nxd4 Nf6 5. f3 a6 6. c4 g6 7. Nc3 Bg7 8. Be3 0-0 9. Be2 Nc6 10. 0-0 Bd7 11. Qd2 Rc8 12. Rfd1 Qa5 13. Nxc6 Bxc6 14. Rab1 b5 15. b4 Qc7 16. cxb5 axb5 17. Nxb5 Qb7 18. Na7 Ra8 19. Nxc6 Qxc6 20. b5 Qb7 21. b6 Rfb8 22. Rb4 Ra3 23. Rdb1 Rba8 24. Bc4 e6 25. Bd4 d5 26. exd5 Nxd5 27. Bxg7 Kxg7 28. Bxd5 exd5 29. R1b2 Kg8 30. Rd4 R8a6 31. Rxd5 h5 32. Rd8+ Kh7 33. Rd7 Qc8 34. Rxf7+ Kg8 35. Rc7 Qf8 36. Qd5+ Kh8 37. Qe5+ Kg8 38. Qe6+ Kh8 39. Rc8 Ra8 40. Rxf8+ Rxf8 41. b7 Rb8 42. Qe5+ 1-0